000 00742nam a2200229Ia 4500
001 9706
003 GE_BSU
008 181216s||||||||xx |||||||||||||| ||und||
040 _cGE_BSU
080 _a821.353.1-1
100 _aმირცხულავა,ალიო
245 _aსიჭაბუკე მეძახის
245 _bლექსები
245 _cრედ:ილ.ხოშტარია;მხატვ:.ო.ჯიშკარიანი
260 _aთბილისი.
260 _bსაბჭ.საქართველო
260 _c1966
300 _a259გვ;17სმ.
653 _aლექსები
653 _aსიჭაბუკე მეძახის
942 _cBK
999 _c42989
_d42989